15 oldest cities - Statistics

General Stats
  • This quiz has been taken 62 times
  • The average score is 4 of 15
Answers on the Grid
Answers color-coded by a green-red scale on the quiz's grid according to % correct below.
Jericho
Kiev
Byblos
Damascus
Aleppo
Bamako
Argos
Antioch
Susa
Ouagadougou
Kyoto
Athens
Sanaa
Ashgabat
Faiyum
Surabaya
Sidon
Plovdiv
Gaziantep
Tehran
Omyokon
Jerusalem
Lahore
Erbil
Prambanan
Uluru
Beirut
Suez
Alexandria
Tyre
 
Answer Stats
Answer % Correct
Damascus
58%
Jerusalem
48%
Jericho
42%
Beirut
39%
Athens
33%
Aleppo
30%
Byblos
27%
Tyre
21%
Gaziantep
18%
Sidon
18%
Plovdiv
15%
Argos
12%
Susa
9%
Erbil
6%
Faiyum
3%
No matching quizzes found
Score Distribution
Percent of People with Each Score
Percentile by Number Answered
Your Score History
You have not taken this quiz